LEADER 01206cam0-2200409---450- 001 990000437170203316 005 20050711181403.0 035 $a0043717 035 $aUSA010043717 035 $a(ALEPH)000043717USA01 035 $a0043717 100 $a20010509h19791938|||y0itay0103----ba 101 1 $aita 102 $aIT 105 $a||||||||001yy 200 1 $aIstruzioni e mobilitŕ sociale$fRaymond Boudon 210 $aBologna$cZanichelli$d1979 215 $aV, 233 p.$d21 cm 225 2 $aCollana di sociologia 300 $aTrad. di Antonio Cobalti 312 $aL'inégalité des chances 410 0$12001$aCollana di sociologia 454 $12001$aL'inégalité des chances$91519054 606 0 $aIstruzione$xSociologia 676 $a371. 700 1$aBOUDON,$bRaymond$045188 801 $aIT$bSALBC$gISBD 912 $a990000437170203316 951 $aII.5. 3411(XV B 626)$b141400 LM$cXV B 626 959 $aBK 969 $aUMA 979 $aPATTY$b90$c20010509$lUSA01$h1725 979 $c20020403$lUSA01$h1652 979 $aPATRY$b90$c20040406$lUSA01$h1630 979 $aCOPAT6$b90$c20050711$lUSA01$h1814 996 $aL'inégalité des chances$91519054 997 $aUNISA LEADER 01557nam--2200433---450- 001 990001616910203316 005 20101209091723.0 010 $a88-387-2739-2 035 $a000161691 035 $aUSA01000161691 035 $a(ALEPH)000161691USA01 035 $a000161691 100 $a20040429d2003----km-y0enga50------ba 101 0 $aita 102 $aIT 105 $a||||||||001yy 200 1 $aTributi locali e federalismo fiscale$eguida pratica alla corretta gestione economico-finanziaria degli Enti Locali$eICI, Tarsu, Tosap, Cosap$eimposta sulla pubblicitŕ$enuove modalitŕ di pagamento (F24 on-line)$eautotutela e accertamento con adesione$fSalvatore Albanese, Rosita Donzě 210 $aRimini$cMaggioli$dcopyr. 2003 215 $a354 p.$d24 cm 225 2 $aProgetto ente locale 410 0$12001$aProgetto ente locale 454 1$12001 461 1$1001-------$12001 606 0 $aTributi locali$xGuide pratiche 676 $a343.45043 700 1$aALBANESE,$bSalvatore$0146970 701 1$aDONZĚ,$bRosita$0416240 801 0$aIT$bsalbc$gISBD 912 $a990001616910203316 951 $aXXIV.5.C. 543 (IG VII 784)$b39861 G.$cXXIV.5.C. 543 (IG VII)$d00132463 959 $aBK 969 $aGIU 979 $aMARIA$b10$c20040429$lUSA01$h1027 979 $aSIAVER1$b90$c20040707$lUSA01$h1449 979 $aSIAVER1$b90$c20040707$lUSA01$h1454 979 $aRSIAV4$b90$c20090902$lUSA01$h1241 979 $aRSIAV4$b90$c20101209$lUSA01$h0917 996 $aTributi locali e federalismo fiscale$9944282 997 $aUNISA